| 000 | 00526nam a22001937a 4500 | ||
|---|---|---|---|
| 003 | OSt | ||
| 005 | 20140310181738.0 | ||
| 008 | 130322t xxu||||| |||| 00| 0 eng d | ||
| 020 | _a1857422538 | ||
| 050 |
_aBF 723 _b.V316 1996 |
||
| 082 |
_aBF723 _b.S75C67 1996 |
||
| 245 |
_aCoping with children in stress _cVed Varma |
||
| 260 |
_a Aldershot, Eng. : Brookfield, Vt., USA _bArena ; Ashgate Pub. Co. _c 1996 |
||
| 300 |
_a157 p. _c24 cm. |
||
| 521 | _aTeachers | ||
| 541 | _j1 | ||
| 562 | _e1 | ||
| 942 |
_2lcc _cBK-TR _kTR |
||
| 999 |
_c2667 _d2667 |
||